The architecture of Arata Isozaki / (Record no. 26889)

000 -LEADER
fixed length control field 00904cam a2200289 a 4500
001 - CONTROL NUMBER
control field 3756640
005 - DATE AND TIME OF LATEST TRANSACTION
control field 20170207085352.0
008 - FIXED-LENGTH DATA ELEMENTS--GENERAL INFORMATION
fixed length control field 830420s1982 enka b 001 0 eng
010 ## - LIBRARY OF CONGRESS CONTROL NUMBER
LC control number 82143920
020 ## - INTERNATIONAL STANDARD BOOK NUMBER
International Standard Book Number 0246112549
043 ## - GEOGRAPHIC AREA CODE
Geographic area code a-ja---
050 00 - LIBRARY OF CONGRESS CALL NUMBER
Classification number NA1559 .I79D73 1982
100 1# - MAIN ENTRY--PERSONAL NAME
Personal name Drew, Philip,
Dates associated with a name 1943-
245 14 - TITLE STATEMENT
Title The architecture of Arata Isozaki /
Statement of responsibility, etc. Philip Drew.
260 ## - PUBLICATION, DISTRIBUTION, ETC. (IMPRINT)
Place of publication, distribution, etc. London ;
-- New York :
Name of publisher, distributor, etc. Granada,
Date of publication, distribution, etc. 1982.
300 ## - PHYSICAL DESCRIPTION
Extent x, 206 p. :
Other physical details ill. ;
Dimensions 26 cm.
500 ## - GENERAL NOTE
General note Includes index.
504 ## - BIBLIOGRAPHY, ETC. NOTE
Bibliography, etc Bibliography: p. [201]-203.
600 10 - SUBJECT ADDED ENTRY--PERSONAL NAME
Personal name Isozaki, Arata.
650 #0 - SUBJECT ADDED ENTRY--TOPICAL TERM
Topical term or geographic name as entry element Architecture, Postmodern
Geographic subdivision Japan.
700 1# - ADDED ENTRY--PERSONAL NAME
Personal name Isozaki, Arata.
942 ## - ADDED ENTRY ELEMENTS (KOHA)
Source of classification or shelving scheme
Koha item type Hard Covered Materials
Holdings
Withdrawn status Lost status Source of classification or shelving scheme Damaged status Not for loan Home library Current library Shelving location Date acquired Source of acquisition Total Checkouts Full call number Barcode Date last seen Price effective from Koha item type
          MACHAKOS UNIVERSITY LIBRARY MACHAKOS UNIVERSITY LIBRARY Technical section 07/02/2017 Donation(BFA)   NA1559 .I79D73 1982 34609 12/07/2018 07/02/2017 Hard Covered Materials
© Machakos University Library, Along The Highway, Machakos Wote Rd, Machakos, Kenya P.O. Box 136 - 90100 Machakos - Kenya

Tel: ( +254 ) 723 805829 OR Fax : 044-20353 OR Email: library@mksu.ac.ke